LEADER 01006nam a2200241 a 4500 001 000000144358 003 CaOOAMICUS 005 20150625105852.0 008 150625s2009 it g u000 u ita r 020 $a978-88-01-04294-8 040 $aPUL$bita 110 2 $aConferenza episcopale italiana.$0(OLS)http://pul/name/9850 245 10$aCanti per la liturgia :$brepertorio nazionale /$c[Conferenza episcopale italiana]. 260 $aTorino-Leumann :$bElle Di Ci,$cİ2009. 300 $aVIII, 664 p. :$bmusica ;$c20 cm 650 4$aLiturgia$xMusica.$0(OLS)http://pul/subject/41872 850 $aPUL 852 $aPUL$W1$xDP1 Fondo S. Lanza$y121$m3 F 15$j166559$qFondi$B167162$CPULBib$Z2$F167162 $HLan2480 $82 941 1 $a1 996 $6020$a978-88-01-04294-8$9(OLS)http://pul/number/158068 996 $6245$aCanti per la liturgia :$brepertorio nazionale$9(OLS)http://pul/title/182644 996 $6260$aTorino-Leumann :$bElle Di Ci$9(OLS)http://pul/publisher/50810 LEADER 01009nam a2200217 u 4500 001 000000047020 003 CaOOAMICUS 005 20070226114834.0 008 990728s1677 gw u000 u lat u 035 $a10831061 040 $aPUL(R)$bita 245 00$aBrevis instructio de sacramentali confessione rite obeunda /$cconscripta a quodam Societatis Iesu sacerdote et in lucem edita. 260 $aDilingae :$btypis Ioannis Caspari Bencardi,$c1677. 300 $a[2], 128 p. ;$c16 cm 650 4$aConfessione.$0(OLS)http://pul/subject/3061 850 $aPUL 852 $aPUL$W1$xDP1 Antico 600$y25$m40 F 27(Int.1)$j62899$nBK-PRI$b $qStampati Antico$B62899$CPULBib$Z2$F62899 $H $81 941 1 $a15 961 $aINV: Legato con: Brevis instructio de ministerio missae rite obeundo. 996 $6245$aBrevis instructio de sacramentali confessione rite obeunda$9(OLS)http://pul/title/63295 996 $6260$aDilingae :$btypis Ioannis Caspari Bencardi$9(OLS)http://pul/publisher/66768 LEADER 01433naa a2200313 a 4500 001 000000175169 003 CaOOAMICUS 005 20220428160857.0 008 220428s2009 mdudoa u000 u eng r 020 $a978-0-674-03175-3* 032 $aLibriCat 040 $aPUL$bita$d 082 04$a576.8 245 00$aEvolution : $bthe first four billion years /$cedited by Michael Ruse, Joseph Travis ; with a foreword by Edward O. Wilson. 260 $aCambridge, Mass. :$bBelknap Press of Harvard University Press,$c2009. 300 $aXII, 979 p. :$bgraf., fotogr., ill.;$c24 cm 504 $aInclude referenze bibliografiche ed indice. 650 4$aEvoluzione (biologia).$0(OLS)http://pul/subject/29038 700 1 $aWilson, Edward O.$0(OLS)http://pul/name/95697 700 1 $aRuse, Michael.$0(OLS)http://pul/name/47200 700 1 $aTravis, Joseph.$0(OLS)http://pul/name/112631 850 $aPUL 852 $aPUL$W1$xSL Cons. Gen., Altre Classi 3$y75$m576. 8 RUSMI 1$j199422$qDDC 21$B204132$CPULBib$Z2$F204132 $H135580 $82 941 1 $a9 996 $6020$a978-0-674-03175-3*$9(OLS)http://pul/number/168601 996 $6082$a576.8$9(OLS)http://pul/classification/613 996 $6245$aEvolution : $bthe first four billion years$9(OLS)http://pul/title/216586 996 $6260$aCambridge, Mass. :$bBelknap Press of Harvard University Press$9(OLS)http://pul/publisher/50422